|
|
|
|
| LEADER |
00000nam0a2200000 4500 |
| 001 |
150165 |
| 005 |
20231101221451.0 |
| 010 |
|
|
|a 5818309525
|
| 010 |
|
|
|a 5-9900134-4-2
|
| 035 |
|
|
|a (RuTPU)RU\TPU\book\162779
|
| 090 |
|
|
|a 150165
|
| 100 |
|
|
|a 20081226d2005 km y0rusy50 ca
|
| 101 |
0 |
|
|a rus
|
| 102 |
|
|
|a RU
|
| 105 |
|
|
|a a z 000zy
|
| 200 |
1 |
|
|a Национальный авторитетный файл
|h Вып. 1: Наименование организации. Предметные рубрики
|f Российская национальная библиотека (РНБ) ; ЛИБНЕТ
|
| 210 |
|
|
|a Москва
|c ФАИР-ПРЕСС
|c Либнет
|d 2005
|
| 215 |
|
|
|a 184 с.
|c ил.
|
| 330 |
|
|
|a Издание представляет собой первый выпуск Руководства по использованию национального авторитетного файла в части заголовков, содержащих наименование организаций и предметных рубрик, в рамках Сводного каталога библиотек России. В Руководстве описана методика формирования авторитетных записей для наименований организаций и предметных рубрик на основе практики Российской национальной библиотеки. Описания снабжены подробными примечаниями и комментариями для каталогизаторов. Руководство составлено по заказу Национального информационно-библиотечного центра ЛИБНЕТ в помощь каталогизаторам, участвующим в создании Сводного каталога библиотек России. Пособие адресовано библиотекарям-практикам, а также может быть использовано студентами и аспирантами библиотечных факультетов университетов культуры.
|
| 610 |
1 |
|
|a библиотечное дело
|
| 610 |
1 |
|
|a каталоги
|
| 610 |
1 |
|
|a каталогизация
|
| 610 |
1 |
|
|a электронные каталоги
|
| 610 |
1 |
|
|a информационные технологии
|
| 610 |
1 |
|
|a авторитетные файлы
|
| 610 |
1 |
|
|a создание
|
| 610 |
1 |
|
|a ведение
|
| 610 |
1 |
|
|a использование
|
| 610 |
1 |
|
|a предметизация
|
| 610 |
1 |
|
|a предметные рубрики
|
| 610 |
1 |
|
|a наименование
|
| 610 |
1 |
|
|a организации
|
| 610 |
1 |
|
|a руководства
|
| 686 |
|
|
|a Ч736.2
|v LBC/SL-A
|2 rubbk
|
| 686 |
|
|
|a Ч736.25я73
|v LBC/SL-A
|2 rubbk
|
| 712 |
0 |
2 |
|a Российская национальная библиотека (РНБ)
|c (Санкт-Петербург)
|c (1992- )
|2 stltpush
|3 (RuTPU)RU\TPU\col\146
|
| 712 |
0 |
2 |
|a ЛИБНЕТ
|c Национальный информационно-библиотечный центр
|c (Москва)
|2 stltpush
|3 (RuTPU)RU\TPU\col\13822
|9 25792
|
| 801 |
|
1 |
|a RU
|b 63413507
|c 20081226
|g PSBO
|
| 801 |
|
2 |
|a RU
|b 63413507
|c 20090119
|g PSBO
|
| 942 |
|
|
|c BK
|